000 01411cam a2200385 a 4500
001 8205641
003 OSt
005 20140310182531.0
006 m d
007 cr n
008 110114s2011 enkae ob 001 0 eng d
020 _a9780853697893
020 _a0853697892
035 _a(WaSeSS)ssj0000472933
040 _aUAT
_cUAT
_dCDX
_dLTSCA
_dSTJ
_dDNLM
_dWaSeSS
042 _anlmcopyc
050 0 4 _aRS 431
_b.Sa192 2011
245 0 0 _aSampson's textbook of radiopharmacy /
246 1 _aTextbook of radiopharmacy
250 _a4th ed. /
_bedited by Tony Theobald.
260 _aLondon ;
_aChicago :
_bPharmaceutical Press,
_c2011.
300 _a725 p. :
_bill. (some col.) ;
_c25 cm.
500 _aIncludes bibliographical references and index.
506 _aLicensed for access by U. of T. users.
650 1 2 _aRadiopharmaceuticals
_99697
650 1 2 _aNuclear Medicine
_99323
650 2 2 _aRadioisotopes
650 2 2 _aFacility Regulation and Control
_xlegislation & jurisprudence
_99698
700 1 _aTheobald, A. E.
_99699
700 1 _aSampson, Charles B.
_tTextbook of radiopharmacy.
_99700
856 4 0 _yCoutts MyiLibrary Individual E-Books - Single User
_uhttp://myaccess.library.utoronto.ca/login?url=http://www.myilibrary.com?ID=296683
942 _2lcc
_cSSLC
_kSL-Ph
949 _aRS431.R34 [ID ssj0000472933]
_c1
_lONLINE
_mE_RESOURCE
_tE_RESOURCE
999 _c14138
_d14138